Revista de la Universidad de Oviedo / (Record no. 2018)

MARC details
000 -LEADER
campo de control de longitud fija 00962nas a2200265 i 4500
001 - NÚMERO DE CONTROL
campo de control 2018
003 - IDENTIFICADOR DE NÚMERO DE CONTROL
campo de control ES-MaACL
005 - FECHA Y HORA DE LA ÚLTIMA TRANSACCIÓN
campo de control 20250828062529.0
007 - CAMPO FIJO DE DESCRIPCIÓN FÍSICA--INFORMACIÓN GENERAL
campo de control de longitud fija t|
008 - DATOS DE LONGITUD FIJA--INFORMACIÓN GENERAL
campo de control de longitud fija 950801c1940 sp | | 1 ||pa d
080 ## - NÚMERO DE LA CLASIFICACIÓN DECIMAL UNIVERSAL
Número de la Clasificación Decimal Universal 460
245 00 - MENCIÓN DEL TÍTULO
Título Revista de la Universidad de Oviedo /
Mención de responsabilidad, etc. dir. Teodoro González García.
260 ## - PUBLICACIÓN, DISTRIBUCIÓN, ETC.
Lugar de publicación, distribución, etc. Oviedo :
Nombre del editor, distribuidor, etc. [Imp. de la Cruz],
Fecha de publicación, distribución, etc. 1940-
300 ## - DESCRIPCIÓN FÍSICA
Extensión 17 v. ;
Dimensiones 24 cm.
310 ## - PERIODICIDAD ACTUAL
Periodicidad actual Trimestral
362 0# - FECHAS DE PUBLICACIÓN Y/O DESIGNACIÓN SECUENCIAL
Fecha de publicación y/o designación secuencial Año I (mar. 1940)-
500 ## - NOTA GENERAL
Nota general No se publicó la Sección de la Facultad de Ciencias en 1948.
500 ## - NOTA GENERAL
Nota general No se publicó la Sección de la Facultad de Filosofía y Letras en 1951.
650 #7 - PUNTO DE ACCESO ADICIONAL DE MATERIA--TÉRMINO DE MATERIA
Término de materia o nombre geográfico como elemento de entrada Educación
Fuente del encabezamiento o término embne
9 (RLIN) 12073
700 1# - ENTRADA AGREGADA--NOMBRE PERSONAL
Nombre de persona González García, Teodoro,
Término indicativo de función/relación
9 (RLIN) 58661
785 06 - ENTRADA/ENLACE A UN TÍTULO POSTERIOR
Encabezamiento principal Revista de la Universidad de Oviedo : Facultad de Derecho, Facultad de Filosofía y Letras, y Facultad de Ciencias
Lugar, editor y fecha de publicación 1944
852 ## - LOCALIZACIÓN
Ubicación ES-MaACL
Número de control de estantería Hem-915
866 #0 - MENCIÓN TEXTUAL DE FONDOS--UNIDAD BIBLIOGRÁFICA BÁSICA
Fondos 1940(1941f.n.5)1942-51,1953-60.
Holdings
Estatus retirado Estado de pérdida Estado de daño No para préstamo Colección Biblioteca de origen Biblioteca actual Ubicación en estantería Fecha de adquisición Fuente de adquisición Total de préstamos Signatura topográfica completa Código de barras Visto por última vez Precio de reemplazo Tipo de ítem Koha
        Periódicos y Revistas Biblioteca del Ateneo de Madrid Biblioteca del Ateneo de Madrid Depósito 1 17/01/2008     Hem-915 1002057 23/02/2023 23/02/2023 Revista